000 00823nam a2200253Ia 4500
003 OSt
005 20220926012439.0
006 a|||||r|||| 00| 0
007 ta
008 220923b |||||||| |||| 00| 0 eng d
020 _a978023173001
_c1700.8499999999999
037 _b45838, 29/12/2015, Segment Book Distributors
_cGeneral Book
040 _aRTL
_cRTL
_beng
041 _2eng
_aeng
082 _aVb4, Q5
100 _aGOFF Jacques le
245 0 _aMust we divide history into periods?
260 _aNew York
_bColumbia University Press
_c2015
300 _axv,160p.
_ccm.
490 _aMax Planck Studies in Anthropology and Economy; Vol. 1
650 _aSociology
942 _hVb4, Q5
_cGB
_2CC
999 _c623035
_d623035